00798 2200253 4500001002100000005001500021035002000036007000300056008004100059020002200100082001000122084001600132100003600148245006800184250001500252300004600267700004400313505004100357600001200398264005000410336003100460337003000491338002300521INLIS00000000000029420210206102251 a0010-0221000087ta210206 g 1 ind  a978-602-8982-07-8 a398.2 a398.2 DRS c0 aDrs. Valentino BarusePengarang1 aCerita Rakyat Seri Legenda Dari Sumatra /cDrs. Valentino Barus aTahun 2018 aii, 54 Halaman :bIlustrasi ;c15 x 21 cm0 aDrs.MM.Tri S. Mildawani. MA,ePengarang aLegenda Dari Nangroe Aceh Darussalam 4aLegenda aJakarta Timur :bPT. Lestari Kirantama,c2018 aTeks Bergambar2rdacontent aTanpa Perantara2rdamedia aVolume2rdacarrier